000 01927nam a2200421 c 4500
003 BLK
005 20250621154949.0
008 180409b bul|||||r ||||||| ||bul||
010 _aKNG00115187000
020 _a954-607-643-0
_bиздат.: ЛИК
040 _aBLK
041 _aBUL
_cBUL
080 _aТест. Изследване. Психологически експеримент. Измервания.
_b159.9.072
_x
_z159.9.072
080 _aПсихотехника. Приложна психология. Психотестове. Консултативна психология
_b159.98
_x
_z159.98
100 1 _aРъсел, Кен
_eпърви автор
_9261066
700 1 _aКартър, Филип
_eсъавт.
_9373923
700 1 _aВасилева, Албена
_eпрев. от англ.
_9370593
700 1 _aАлексиева, Росица
_eред.
_9366566
139 _aРъсел, Кен и др.
_bР 98
245 1 0 _a[Ай кю] IQ тестове
_b400 начина за оценка силата на ума
_cКен Ръсел; съавт. Филип Картър; прев. от англ. Албена Василева; ред. Росица Алексиева.
257 _aGBR
260 София
_bЛИК
_c2004
300 _a172 с.
_c20 см
380 _a1
490 1 _aСветът на интелекта
500 _aОриг. загл. IQ Testing : 400 Ways To Evaluate Your Brainpower / Ken Russell and Philip Carter.
650 4 _aТестове - за интелигентност
_9258218
650 4 _aПсихотехника
_9168425
653 _aтестове
653 _aинтелигентност
653 _aпсихотехника
852 _aЦб 220970
856 4 _qpdf
_u
856 4 _qpdf
_u
942 _cKNG
_n0
_018
944 _aCR
_c29.09.2004
_lКети Илиева
_k30550
944 _aED
_c16.09.2014
_lф /
_k
999 _c109866
_d109866